Algerie antique /
Saved in:
Main Author:
Other Authors:
Format: Book
Language: French
Subjects:
Tags: Add Tag
No Tags, Be the first to tag this record!
Call Number: DT281 .B68 1952
| LEADER | 01107namaa2200289 4500 | ||
|---|---|---|---|
| 001 | 20194 | ||
| 003 | OSt | ||
| 005 | 20210209105316.0 | ||
| 008 | 130303s1952 fr g ab 000 0 fre d | ||
| 952 | |0 0 |1 0 |2 lcc |4 0 |6 DT0281 B68 01952 |7 1 |9 10220 |a ARCE |b ARCE |d 2021-02-09 |l 0 |o DT281 .B68 1952 |p 1002977 |r 2021-02-09 00:00:00 |w 2021-02-09 |y BK | ||
| 999 | |c 18701 |d 18701 | ||
| 010 | |a 53024280 | ||
| 040 | |c ARCE Library | ||
| 043 | |a f-ae--- | ||
| 050 | 0 | 4 | |a DT281 .B68 1952 |
| 100 | 1 | |a Bovis, Marcel, |e author |9 27155 | |
| 245 | 1 | 0 | |a Algerie antique / |c Photographs by Marcel Bovis ; text by Louis Leschi. |
| 264 | 1 | |a Paris : |b Arts et métiers graphiques, |c 1952. | |
| 300 | |a 197 pages : |b chiefly illustrations (part color), folded map ; |c 27 cm. | ||
| 336 | |a text |b txt |2 rdacontent | ||
| 337 | |a unmediated |b n |2 rdamedia | ||
| 338 | |a volume |b nc |2 rdacarrier | ||
| 500 | |a At head of title : Gouvernement général de l'Algérie. Direction de l'intérieur et des beaux-arts, antiquités et monuments historiques. | ||
| 651 | 0 | |a Algeria |x Antiquities. | |
| 700 | 1 | |a Leschi, Louis. |9 34688 | |
| 901 | |a reviewed | ||
| 942 | |c BK |2 lcc | ||
